000 01075nac a22003017a 4500
001 BR8300566
003 BR-BrBNA
005 20240105115615.0
008 230509b bl.|||m| |||| 00| 0 por d
040 _aBR-BrBNA
_bpor
_cBiblioteca Nacional de Agricultura
072 _aF25
090 _a1580 BR8300566
100 1 _aCarvalho, M. da P.M. de
100 1 _aMoura, L.L.
100 1 _aSturu, A.P.
110 1 _aCentro de Tecnologia Agricola e Alimentar, Rio de Janeiro, RJ (Brasil)
_91664
245 1 _aInfluencia de adubacao na producao e na proteina de batata-doce [Ipomea batatas]
246 1 _a[Influence of fertilization on the production and protein of seveet-potato [Ipomea batatas]]
260 3 _aRio de Janeiro, RJ (Brasil):
_c1982.
300 _a13 p.
490 _aPesquisa em Andamento - Centro de Tecnologia Agricola e Alimentar (Brazil)
_vno. 2
_xISSN 0101-4749
500 _a12 tables; 9 ref.
650 _aBATATA DOCE
650 _aADUBACAO
650 _aPROTEINA
909 _a202312
_bLúcia Elande
_c55
_dLúcia Elande
942 _2AGRIS
_n0
_cMS
999 _c275540
_d275540